000 01427nam a22003617a 4500
003 CHAP
005 20220329143841.0
008 120124s2011 mx r 00010 spa d
010 _a102769
011 _a103741
035 _a114430
040 _cCHAP
090 _aTesis
100 1 _aTorres Gutiérrez, Luis Antonio.
_9114125
245 1 0 _aControl químico de maleza en el cultivo de anís de monte (Tagetes filifolia Lag.)
_h[En línea]
_c/por Luis Antonio Torres Gutiérrez
260 _aChapingo, Méx. :
_bEl autor,
_c2011
500 _aPara ver el contenido del material haga clic en la liga
502 _aTesis (Ing. Agr. Esp. en Fitotecnia) -- UACH. Departamento de Fitotecnia
590 _aALEPH
_b10
_c20130110
_lUCH01
_h1544
590 _aBATCH-UPD
_b10
_c20130110
_lUCH01
_h1309
590 _aBATCH-UPD
_b10
_c20130410
_lUCH01
_h0823
590 _aBATCH-UPD
_b10
_c20130914
_lUCH01
_h0352
590 _aBATCH-UPD
_b10
_c20140324
_lUCH01
_h1530
590 _aBATCH-UPD
_b10
_c20141002
_lUCH01
_h0852
590 _aCONVERSION
_b10
_c20130109
_lUCH01
_h1357
650 1 4 _aAnís
_xRendimiento.
_96002
650 1 4 _aMalas hierbas
_xControl.
_970011
856 _3Finding aid
_uhttp://10.13.5.2/tesis/114430.pdf
_zTeclea aqui
901 _aBK
942 _cFOLL
949 _aTesis
_bBC
_cTES
_d33724002320347
_eTS2
_fc.2
_gDonaciØn
_h53287
_i114430
_st
949 _aTesis
_bBC
_cTES
_d33724002320389
_eTS1
_gDonaciØn
_h53286
_i114430
_st
999 _c102769
_d102769